LEADER 01184nam a2200289 a 4500 001 000000124505 003 CaOOAMICUS 005 20110303125613.0 008 110303t2010 vc a u000 u ita r 020 $a978-88-209-8445-8 040 $aPUL$bita 082 04$a248.32 100 1 $aVerdon, Timothy,$d1946-$0(OLS)http://pul/name/54233 245 10$aArte della preghiera /$cTimothy Verdon. 260 $aCittą del Vaticano :$bLibreria editrice vaticana,$c©2010. 300 $a323 p. :$bill. ;$c25 cm. 504 $aInclude riferimenti bibliografici ed indice. 650 4$aPreghiera$xIconografia.$0(OLS)http://pul/subject/37465 650 4$aArte sacra.$0(OLS)http://pul/subject/9724 850 $aPUL 852 $aPUL$W1$xSL Religione 3$y85$m248. 32 VERTI 1$j143340$qDDC 21$B142374$CPULBib$Z2$F142374 $H115911 $82 941 1 $a9 996 $6020$a978-88-209-8445-8$9(OLS)http://pul/number/146523 996 $6082$a248.32$9(OLS)http://pul/classification/1876 996 $6245$aArte della preghiera$9(OLS)http://pul/title/156953 996 $6260$aCittą del Vaticano :$bLibreria editrice vaticana$9(OLS)http://pul/publisher/47920 LEADER 00957nam a2200253 a 4500 001 000000170565 003 CaOOAMICUS 005 20181116150136.0 008 181116s1995 it 000 u ita r 032 $aLibriCat 040 $aPul$bita 100 1 $aPalladino, Giuseppe.$0(OLS)http://pul/name/30298 245 10$aDon Sturzo oggi / $cGiuseppe Palladino. 260 $aNapoli :$bLa nuova cultura,$c©1995. 300 $a159 p. ; $c24 cm. 490 1 $aRaccolta di articoli di Don Sturzo 600 14$aSturzo, Luigi,$csac.,$d1871-1959.$0(OLS)http://pul/subject/829 830 0$aRaccolta di articoli di Don Sturzo.$0(OLS)http://pul/title/211361 850 $aPUL 852 $aPUL$W1$xDP1 Fondo De Girolamo$y124$m1 E 18$j151951$qFondi$B198902$CPULBib$Z2$F198902 $81 941 1 $a1 996 $6245$aDon Sturzo oggi / $9(OLS)http://pul/title/211360 996 $6260$aNapoli :$bLa nuova cultura$9(OLS)http://pul/publisher/52171